00355nam a2200133Ia 4500008004100000041000800041082001500049100001400064245004500078250001400123260004200137300003500179365000700214240624s9999 xx 000 0 und d aeng a344.01 KUM aKUMAR H L aPRACTICAL GUIDE TO LABOUR MANAGEMENT A T a(4th ed.) c2004aDelhibUniversal Law Publishing axxxviii, : 457 : p. : cm. ; 22 cRS